[Event "17. Int. Boeblinger Open"]
[Site "Boeblingen"]
[Date "2000.12.27"]
[Round "3"]
[White "Atalik, Suat"]
[Black "Kranzl, Peter"]
[Result "1/2-1/2"]
[WhiteElo "2552"]
[BlackElo "2268"]
[PlyCount "116"]
[EventDate "2000.12.26"]

1. d4 Nf6 2. c4 c5 3. d5 b5 4. Nf3 d6 5. cxb5 a6 6. e3 g6 7. Nc3 Bg7 8. a4 O-O
9. e4 Nbd7 10. Rb1 Ne8 11. Be2 axb5 12. axb5 Nb6 13. O-O f5 14. Nd2 Kh8 15. Re1
Nf6 16. Bf3 fxe4 17. Ndxe4 Nxe4 18. Bxe4 Ra7 19. Qd3 Nd7 20. f3 Ne5 21. Qe2 Qa5
22. h3 Qb4 23. f4 Nc4 24. Bd3 Nb6 25. Kh1 Bf5 26. Bxf5 Rxf5 27. Bd2 Qb3 28. g4
Rf8 29. Qd1 Qxd1 30. Rbxd1 Kg8 31. Re4 Rc8 32. Kg2 Rcc7 33. Kf3 Ra5 34. Rde1
Kf7 35. f5 Bxc3 36. bxc3 c4 37. fxg6+ hxg6 38. Rf4+ Ke8 39. Rf6 Kd7 40. Rxg6
Rxb5 41. Bg5 Nxd5 42. Rg7 Rb3 43. Rgxe7+ Nxe7 44. Rxe7+ Kc6 45. Rxc7+ Kxc7 46.
Bf6 Kd7 47. h4 Ke6 48. Bd4 Rb1 49. h5 Rd1 50. Bh8 d5 51. h6 Rh1 52. g5 Kf5 53.
Bf6 Kg6 54. Ke2 Rh3 55. Kd2 Kf5 56. Ke2 Kg6 57. Kf2 Rd3 58. Bd4 Kh7 1/2-1/2

[Event "17. Int. Boeblinger Open"]
[Site "Boeblingen"]
[Date "2000.12.27"]
[Round "3"]
[White "Becking, Stephan"]
[Black "Luther, Thomas"]
[Result "0-1"]
[WhiteElo "2275"]
[BlackElo "2538"]
[PlyCount "127"]
[EventDate "2000.12.26"]

1. Nf3 d5 2. g3 c6 3. Bg2 Bg4 4. O-O Nd7 5. d3 Ngf6 6. Nbd2 e5 7. e4 Bd6 8. Qe1
O-O 9. h3 Bh5 10. Nh4 Re8 11. Nb3 a5 12. a4 Bb4 13. Bd2 Qb6 14. Bxb4 axb4 15.
a5 Qb5 16. Nf5 Re6 17. g4 Bg6 18. Nfd4 exd4 19. Nxd4 Qc5 20. Nxe6 fxe6 21. g5
Nh5 22. exd5 Nf4 23. Qe3 Qxe3 24. fxe3 Nxd5 25. Bxd5 cxd5 26. b3 Ne5 27. Ra4
Nc6 28. Rfa1 Ra6 29. Kf2 Kf7 30. Ke2 Ke7 31. Kd2 Kd6 32. Rf1 Ke7 33. Rfa1 Bf5
34. h4 Kd6 35. c4 bxc3+ 36. Kxc3 Ne5 37. e4 Bg6 38. Kd4 Be8 39. R4a2 Bb5 40.
exd5 exd5 41. Rf2 Bxd3 42. Rf8 Bb5 43. Rh8 Nf3+ 44. Ke3 Nxh4 45. Rxh7 Nf5+ 46.
Kf4 Bd7 47. Rh8 Rc6 48. a6 bxa6 49. Ra8 Nd4 50. R1xa6 Ne6+ 51. Ke3 Nxg5 52. b4
Ke5 53. Rxc6 Bxc6 54. Ra5 Ne4 55. b5 Bb7 56. b6 g5 57. Kf3 Kf5 58. Ke3 g4 59.
Kd4 g3 60. Ra1 Kg4 61. Ke5 g2 62. Ke6 Nd2 63. Kd7 d4 64. Kd6 0-1

[Event "17. Int. Boeblinger Open"]
[Site "Boeblingen"]
[Date "2000.12.27"]
[Round "3"]
[White "Davari-Azar, Abbas"]
[Black "Delemarre, Jop"]
[Result "0-1"]
[WhiteElo "2003"]
[BlackElo "2347"]
[PlyCount "42"]
[EventDate "2000.12.26"]

1. d4 Nf6 2. Nf3 g6 3. c4 Bg7 4. Nc3 d5 5. cxd5 Nxd5 6. e4 Nxc3 7. bxc3 O-O 8.
Be3 c5 9. Qd2 cxd4 10. cxd4 Bg4 11. Be2 Nc6 12. Rd1 Rc8 13. O-O Bxf3 14. Bxf3
e5 15. d5 Nd4 16. Bxd4 exd4 17. g3 Rc3 18. Bg2 Qc7 19. f4 Rc2 20. Rc1 d3 21. e5
Qb6+ 0-1

[Event "17. Int. Boeblinger Open"]
[Site "Boeblingen"]
[Date "2000.12.27"]
[Round "3"]
[White "Dunsbach, Ralf"]
[Black "Ladinzon, Igor"]
[Result "1-0"]
[WhiteElo "2330"]
[BlackElo "2116"]
[PlyCount "39"]
[EventDate "2000.12.26"]

1. Nf3 d5 2. g3 c6 3. Bg2 Nf6 4. O-O e6 5. b3 Bd6 6. Bb2 Nbd7 7. c4 O-O 8. d4
Re8 9. Nbd2 Qe7 10. Qc2 b6 11. e4 dxe4 12. Nxe4 Nxe4 13. Qxe4 Bb7 14. Rad1 Nf6
15. Qc2 c5 16. dxc5 Bxc5 17. Ng5 Bxg2 18. Bxf6 Qxf6 19. Qxh7+ Kf8 20. Rd7 1-0

[Event "17. Int. Boeblinger Open"]
[Site "Boeblingen"]
[Date "2000.12.27"]
[Round "3"]
[White "Duppel, Matthias"]
[Black "Schuster, Gerhard"]
[Result "1-0"]
[WhiteElo "2390"]
[BlackElo "2154"]
[PlyCount "109"]
[EventDate "2000.12.26"]

1. d4 Nf6 2. c4 e6 3. Nc3 Bb4 4. Qc2 c5 5. dxc5 O-O 6. a3 Bxc5 7. Nf3 Nc6 8.
Bg5 Nd4 9. Nxd4 Bxd4 10. e3 Qa5 11. exd4 Qxg5 12. Qd2 Qxd2+ 13. Kxd2 b6 14. f3
Bb7 15. b4 g5 16. Bd3 Kg7 17. a4 g4 18. a5 gxf3 19. gxf3 Nh5 20. Ke3 f5 21. a6
Bc8 22. Nb5 Kf6 23. f4 Ke7 24. Be2 Nf6 25. Bf3 d5 26. cxd5 exd5 27. Rhc1 Bd7
28. Nc7 Rac8 29. Nxd5+ Nxd5+ 30. Bxd5 Kd6 31. Bb7 Rfe8+ 32. Kf2 Rxc1 33. Rxc1
Rg8 34. Rc3 Rg4 35. Rh3 Rxf4+ 36. Ke3 Rg4 37. Rxh7 Rg6 38. h4 Rf6 39. Kf4 Re6
40. h5 Re1 41. h6 Rf1+ 42. Kg5 Rg1+ 43. Kf6 Rg4 44. Rg7 Rxd4 45. Rg1 Bc6 46. h7
Rh4 47. Kg7 Bxb7 48. Rg6+ Kc7 49. axb7 Rxh7+ 50. Kxh7 Kxb7 51. Rf6 a5 52. b5
Kc7 53. Kg6 f4 54. Kf5 a4 55. Ke5 1-0

[Event "17. Int. Boeblinger Open"]
[Site "Boeblingen"]
[Date "2000.12.27"]
[Round "3"]
[White "Hatarik, Robert"]
[Black "Zeller, Frank"]
[Result "0-1"]
[WhiteElo "2160"]
[BlackElo "2434"]
[PlyCount "156"]
[EventDate "2000.12.26"]

1. d4 Nf6 2. c4 e6 3. Nc3 Bb4 4. e3 b6 5. Bd3 Bb7 6. f3 c5 7. Nge2 cxd4 8. exd4
d5 9. O-O dxc4 10. Bxc4 O-O 11. Bg5 Nc6 12. Bb3 Be7 13. f4 g6 14. d5 exd5 15.
Bxd5 Nxd5 16. Qxd5 Na5 17. Qxd8 Bxd8 18. b3 f6 19. Bh4 Be7 20. Rad1 Rfd8 21.
Rxd8+ Rxd8 22. Rd1 Rxd1+ 23. Nxd1 Nc6 24. Bf2 Nb4 25. Ndc3 Nd3 26. Be3 Ne1 27.
g4 Nc2 28. Bf2 Kf7 29. Nd4 Nb4 30. f5 Nd3 31. Be3 Bc5 32. Na4 Bd6 33. Nc3 Be5
34. Nce2 Nb4 35. Nc3 a6 36. Nde2 b5 37. Nd4 Nd3 38. Nce2 Nb4 39. Nc3 Nd3 40.
Nce2 g5 41. Bd2 b4 42. h3 Bd5 43. Nc2 a5 44. Ne3 Bf3 45. Nc1 Nf4 46. Kf2 Bb7
47. Nc4 Nxh3+ 48. Ke3 Bc7 49. Nd3 Nf4 50. Nc5 Bc8 51. Ke4 Ke7 52. Be3 Ne2 53.
Bd2 h5 54. gxh5 Ng3+ 55. Kd5 Nxf5 56. Kc6 Bd8 57. Kb5 Nd4+ 58. Ka4 Nf3 59. Be3
f5 60. Nxa5 Kf7 61. Nc4 Bc7 62. Kxb4 f4 63. a4 fxe3 64. Nxe3 Bf4 65. Nd5 Bd2+
66. Kb5 g4 67. Ne4 Bd7+ 68. Kb6 Be6 69. Kc6 Be1 70. Kd6 g3 71. Nxg3 Bxg3+ 72.
Kc5 Bf2+ 73. Kc4 Nd2+ 74. Kc3 Bxd5 75. Kxd2 Bxb3 76. a5 Bc4 77. Kc3 Ba6 78. Kb4
Kg7 0-1

[Event "17. Int. Boeblinger Open"]
[Site "Boeblingen"]
[Date "2000.12.27"]
[Round "3"]
[White "Haub, Thorsten-Michael"]
[Black "Stock, Juergen"]
[Result "1-0"]
[WhiteElo "2370"]
[BlackElo "2019"]
[PlyCount "35"]
[EventDate "2000.12.26"]

1. e4 e6 2. d3 d5 3. Nd2 Nf6 4. Ngf3 dxe4 5. dxe4 Bd7 6. Ne5 Nc6 7. Nxd7 Qxd7
8. Be2 O-O-O 9. O-O Bc5 10. c3 Ne5 11. b4 Bb6 12. Qc2 Nd3 13. Nc4 Nxc1 14.
Raxc1 Qc6 15. Ne5 Qxe4 16. Nxf7 Rhf8 17. Nxd8 Kxd8 18. Bf3 1-0

[Event "17. Int. Boeblinger Open"]
[Site "Boeblingen"]
[Date "2000.12.27"]
[Round "3"]
[White "Hoen, Lothar"]
[Black "Kotz, Reinhard"]
[Result "1/2-1/2"]
[WhiteElo "2224"]
[BlackElo "2017"]
[PlyCount "54"]
[EventDate "2000.12.26"]

1. e4 Nf6 2. Nc3 d5 3. exd5 Nxd5 4. d4 c6 5. Bc4 g6 6. Nf3 Bg7 7. Ne4 O-O 8.
O-O Bg4 9. c3 Nd7 10. h3 Bxf3 11. Qxf3 N7f6 12. Re1 Nxe4 13. Qxe4 e6 14. a4 a5
15. h4 Qd6 16. g3 Rfe8 17. Bxd5 Qxd5 18. Qxd5 cxd5 19. Bf4 Rec8 20. Ra3 Rc6 21.
Rb3 b6 22. Rb5 h5 23. Ra1 Bf8 24. f3 Be7 25. Kh2 Kg7 26. Kh3 f6 27. Re1 Kf7
1/2-1/2

[Event "17. Int. Boeblinger Open"]
[Site "Boeblingen"]
[Date "2000.12.27"]
[Round "3"]
[White "Hoeschele, Hans-Ulrich"]
[Black "Kalod, Radek"]
[Result "0-1"]
[WhiteElo "2233"]
[BlackElo "2466"]
[PlyCount "96"]
[EventDate "2000.12.26"]

1. Nf3 c5 2. b3 Nf6 3. Bb2 e6 4. e3 Be7 5. Be2 O-O 6. O-O b6 7. d3 Bb7 8. Nbd2
d6 9. e4 Qc7 10. a4 a6 11. Nc4 Nbd7 12. e5 dxe5 13. Nfxe5 b5 14. Nxd7 Nxd7 15.
axb5 axb5 16. Ne3 Bd6 17. h3 Bh2+ 18. Kh1 Be5 19. d4 cxd4 20. Bxd4 Bc6 21. Bxe5
Nxe5 22. Qd4 Ng6 23. Rxa8 Rxa8 24. Rd1 h6 25. Bd3 Rd8 26. Qb4 Nf4 27. Be4 Rxd1+
28. Nxd1 Bxe4 29. Qxe4 f5 30. Qa8+ Kh7 31. Ne3 Qc3 32. Kh2 Qe1 33. Kg3 Ne2+ 34.
Kf3 Nd4+ 35. Kg3 f4+ 36. Kxf4 Qxf2+ 37. Ke4 Nxc2 38. Qa7 Kg6 39. g3 Qxe3+ 40.
Qxe3 Nxe3 41. Kxe3 Kf5 42. Kd4 e5+ 43. Kc5 Ke4 44. b4 Kf3 45. Kxb5 e4 46. Kc6
e3 47. b5 e2 48. b6 e1=Q 0-1

[Event "17. Int. Boeblinger Open"]
[Site "Boeblingen"]
[Date "2000.12.27"]
[Round "3"]
[White "Husser, Oskar"]
[Black "Gheng, Josef"]
[Result "0-1"]
[WhiteElo "1757"]
[BlackElo "2321"]
[PlyCount "82"]
[EventDate "2000.12.26"]

1. Nf3 d5 2. c4 dxc4 3. e3 e6 4. Bxc4 Nf6 5. Nc3 a6 6. O-O b5 7. Be2 Bb7 8. d4
Nbd7 9. a3 Bd6 10. b4 Qe7 11. Qc2 Rc8 12. e4 e5 13. d5 c6 14. dxc6 Bxc6 15. Qd3
O-O 16. Bg5 h6 17. Bh4 Rfd8 18. Rac1 Nf8 19. Nd5 Bxd5 20. Rxc8 Rxc8 21. Bxf6
Qxf6 22. Qxd5 Rc3 23. Rd1 Bc7 24. Rd3 Rc6 25. Nd2 Bb6 26. Rf3 Qe6 27. g3 Rd6
28. Qxe6 Nxe6 29. Rd3 Nd4 30. Kg2 Rc6 31. Bg4 Rc2 32. Bd1 Ra2 33. Nf3 Ne6 34.
Nd2 Bd4 35. Bg4 Nc7 36. Bc8 Kf8 37. Bb7 Ke7 38. h4 g6 39. f4 Bb2 40. Bd5 Nxd5
41. Rxd5 Bc3 0-1

[Event "17. Int. Boeblinger Open"]
[Site "Boeblingen"]
[Date "2000.12.27"]
[Round "3"]
[White "Huth, Arno"]
[Black "Niklasch, Oliver"]
[Result "0-1"]
[WhiteElo "2017"]
[BlackElo "2363"]
[PlyCount "64"]
[EventDate "2000.12.26"]

1. c4 Nf6 2. Nc3 c5 3. Nf3 b6 4. e4 Bb7 5. e5 Ng8 6. d4 cxd4 7. Nxd4 g6 8. f4
Bg7 9. Be3 Nc6 10. Qd2 f6 11. Nxc6 Bxc6 12. Bd4 fxe5 13. fxe5 e6 14. O-O-O Ne7
15. Bd3 Nf5 16. Bxf5 gxf5 17. h4 h5 18. Kb1 Qe7 19. Rh3 Qf7 20. Nb5 O-O 21. Nd6
Qg6 22. Qg5 Qxg5 23. hxg5 Bxg2 24. Rxh5 Bf3 25. Rdh1 f4 26. R5h4 Bxh1 27. Rxh1
f3 28. Ne4 Rf4 29. Re1 d5 30. Nf6+ Bxf6 31. exf6 Rxd4 32. g6 f2 0-1

[Event "17. Int. Boeblinger Open"]
[Site "Boeblingen"]
[Date "2000.12.27"]
[Round "3"]
[White "Kekelidze, Mikheil"]
[Black "Kleinschroth, Roland"]
[Result "1-0"]
[WhiteElo "2512"]
[BlackElo "2188"]
[PlyCount "75"]
[EventDate "2000.12.26"]

1. d4 d5 2. Nf3 Nc6 3. Bf4 Bg4 4. e3 e6 5. c4 Bb4+ 6. Nc3 Nge7 7. Rc1 O-O 8.
Bd3 dxc4 9. Bxh7+ Kh8 10. Bb1 Nd5 11. h3 Bxf3 12. Qxf3 Nxf4 13. Qxf4 f5 14. O-O
Bd6 15. Qf3 Qe8 16. Nb5 Na5 17. Nxd6 cxd6 18. g4 g6 19. d5 e5 20. gxf5 gxf5 21.
Bxf5 Qg6+ 22. Bxg6 Rxf3 23. Be4 Rxh3 24. Kg2 Rh6 25. Rh1 Rg8+ 26. Kf3 Rf8+ 27.
Kg4 Rff6 28. Kg5 Kg7 29. b4 cxb3 30. Rc7+ Kf8 31. Rxh6 Rxh6 32. axb3 Rh2 33.
Kf6 Rxf2+ 34. Bf5 Rxf5+ 35. Kxf5 Nxb3 36. Ke6 a5 37. Kxd6 b5 38. Ke6 1-0

[Event "17. Int. Boeblinger Open"]
[Site "Boeblingen"]
[Date "2000.12.27"]
[Round "3"]
[White "Klovans, Janis"]
[Black "Stephan, Jan"]
[Result "1-0"]
[WhiteElo "2466"]
[BlackElo "2174"]
[PlyCount "101"]
[EventDate "2000.12.26"]

1. e4 c6 2. Nc3 d5 3. Nf3 dxe4 4. Nxe4 Nf6 5. Nxf6+ gxf6 6. Bc4 Bf5 7. d4 e6 8.
O-O Nd7 9. Re1 Nb6 10. Bb3 Qc7 11. Nh4 Bg6 12. Qf3 O-O-O 13. c4 Bb4 14. Rd1 Qe7
15. a3 Ba5 16. Bf4 Na8 17. d5 e5 18. Bg3 cxd5 19. cxd5 Bc7 20. Nf5 Bxf5 21.
Qxf5+ Kb8 22. d6 Rxd6 23. Rxd6 Qxd6 24. Bxf7 Rd8 25. h4 Rd7 26. Bh5 Qe7 27. Bf3
Bb6 28. Rc1 Bd4 29. Rc2 Nb6 30. h5 Rc7 31. Rd2 Rd7 32. Bh4 Rd6 33. Be4 h6 34.
Rc2 Qg7 35. Bf3 a6 36. Qe4 Nd5 37. Kh2 Nf4 38. Bg3 Qd7 39. Bxf4 f5 40. Qxb7+
Qxb7 41. Bxb7 Kxb7 42. Bc1 f4 43. g3 fxg3+ 44. fxg3 Re6 45. Kg2 e4 46. Bf4 a5
47. b3 Rb6 48. Rc4 Bb2 49. a4 Rxb3 50. Rxe4 Rb4 51. Kf3 1-0

[Event "17. Int. Boeblinger Open"]
[Site "Boeblingen"]
[Date "2000.12.27"]
[Round "3"]
[White "Koehler, Ronald"]
[Black "Carl, Werner"]
[Result "0-1"]
[WhiteElo "2255"]
[BlackElo "2009"]
[PlyCount "41"]
[EventDate "2000.12.26"]

1. d4 Nf6 2. c4 g6 3. Nc3 Bg7 4. e4 d6 5. f4 c6 6. Nf3 O-O 7. Bd3 a6 8. e5 dxe5
9. fxe5 Ne8 10. h3 Nc7 11. O-O b5 12. Qe2 Ne6 13. Be3 Bb7 14. Rad1 Nc7 15. h4
Qc8 16. Ng5 f6 17. Nxh7 Kxh7 18. Qh5+ Kg8 19. Bxg6 Rd8 20. Qh7+ Kf8 21. Bh6 0-1

[Event "17. Int. Boeblinger Open"]
[Site "Boeblingen"]
[Date "2000.12.27"]
[Round "3"]
[White "Lomineishvili, Maia"]
[Black "Holzinger, Eugen"]
[Result "1/2-1/2"]
[WhiteElo "2412"]
[BlackElo "2026"]
[PlyCount "62"]
[EventDate "2000.12.26"]

1. d4 Nf6 2. c4 e6 3. Nc3 Bb4 4. Qc2 c5 5. dxc5 Bxc5 6. Nf3 Nc6 7. a3 a6 8. Bg5
Nd4 9. Nxd4 Bxd4 10. e3 Qa5 11. exd4 Qxg5 12. g3 Rb8 13. a4 b6 14. Bg2 O-O 15.
O-O Bb7 16. Rae1 Rfc8 17. Qe2 Bxg2 18. Kxg2 Qg4 19. Qe5 Qf5 20. Qxf5 exf5 21.
b3 Re8 22. Re5 g6 23. Rfe1 Kf8 24. h4 Re6 25. Kf3 Rbe8 26. R5e2 d5 27. Rxe6
fxe6 28. cxd5 Rc8 29. Nd1 exd5 30. Re6 Nd7 31. Re3 Rc2 1/2-1/2

[Event "17. Int. Boeblinger Open"]
[Site "Boeblingen"]
[Date "2000.12.27"]
[Round "3"]
[White "Meijers, Viesturs"]
[Black "Brodbeck, Stefan"]
[Result "1-0"]
[WhiteElo "2464"]
[BlackElo "2150"]
[PlyCount "125"]
[EventDate "2000.12.26"]

1. e4 c5 2. Nf3 d6 3. d4 cxd4 4. Nxd4 Nf6 5. Nc3 g6 6. Be3 Bg7 7. f3 O-O 8. Bc4
Nc6 9. Qd2 Bd7 10. Bb3 Rc8 11. g4 Ne5 12. h4 Rc4 13. Bxc4 Nxc4 14. Qe2 Nxe3 15.
Qxe3 Qb6 16. O-O-O e5 17. Nf5 gxf5 18. Qxb6 axb6 19. gxf5 d5 20. Nxd5 Nxd5 21.
Rxd5 Bc6 22. Rd6 f6 23. c4 Rc8 24. Kb1 Kf7 25. a3 Bf8 26. Rd2 Ra8 27. Ka2 Bc5
28. Rg2 Rd8 29. Rh3 Rd3 30. Rhg3 Ba4 31. Rg7+ Ke8 32. b4 Bb3+ 33. Kb1 Bf8 34.
Rc7 Rd7 35. Rc8+ Kf7 36. Kb2 Bd1 37. Rf2 Bh6 38. Rh8 Kg7 39. Rc8 Kf7 40. Rh8
Kg7 41. Rc8 Be3 42. Rg2+ Kh6 43. Rf8 Rd6 44. Rf7 Bxf3 45. Rgg7 Kh5 46. Rg3 Bd4+
47. Ka2 Kxh4 48. Rxf3 Kg4 49. Rf1 Be3 50. Rxh7 Rd4 51. Rg7+ Bg5 52. Rxb7 Rxc4
53. Rxb6 Rxe4 54. b5 Re2+ 55. Kb1 Re3 56. a4 Ra3 57. Ra6 e4 58. Kb2 Rd3 59. Re6
e3 60. b6 Rd2+ 61. Kb3 e2 62. Re1 Kf3 63. a5 1-0

[Event "17. Int. Boeblinger Open"]
[Site "Boeblingen"]
[Date "2000.12.27"]
[Round "3"]
[White "Michalczak, Thomas"]
[Black "Jurkic, Bosiljiko"]
[Result "1-0"]
[WhiteElo "2282"]
[BlackElo "2074"]
[PlyCount "67"]
[EventDate "2000.12.26"]

1. e4 c5 2. c3 Nf6 3. e5 Nd5 4. d4 cxd4 5. Nf3 Nc6 6. Bc4 Nb6 7. Bb3 d6 8. cxd4
e6 9. exd6 Bxd6 10. Nc3 O-O 11. O-O a6 12. a3 Qc7 13. Bc2 g6 14. Qe2 e5 15.
dxe5 Nxe5 16. h3 Be6 17. Rd1 Nxf3+ 18. Qxf3 Be5 19. Bh6 Rfc8 20. Be4 Rab8 21.
Rac1 Qe7 22. Bf4 Bxf4 23. Qxf4 Nc4 24. Rc2 Nb6 25. Rcd2 Nc4 26. Rc2 Nb6 27.
Rcd2 Nc4 28. Re2 Rd8 29. Bd5 Nb6 30. Bxe6 fxe6 31. Rde1 Rd6 32. Ne4 Rdd8 33.
Nf6+ Kh8 34. Rxe6 1-0

[Event "17. Int. Boeblinger Open"]
[Site "Boeblingen"]
[Date "2000.12.27"]
[Round "3"]
[White "Muth, Roland"]
[Black "Florea, Dan"]
[Result "0-1"]
[WhiteElo "2067"]
[BlackElo "2298"]
[PlyCount "50"]
[EventDate "2000.12.26"]

1. e4 c5 2. d3 Nc6 3. f4 d5 4. e5 g6 5. Nf3 Bg4 6. c3 e6 7. h3 Bxf3 8. Qxf3
Nge7 9. Be3 Qb6 10. Qe2 h5 11. g3 h4 12. g4 d4 13. Bc1 dxc3 14. bxc3 Nd5 15.
Bg2 O-O-O 16. Qd2 g5 17. fxg5 Nxe5 18. O-O Nxd3 19. Qxd3 c4+ 20. Be3 Nxe3 21.
Qe4 Nxf1+ 22. Kxf1 Bc5 23. Nd2 Rxd2 24. Rb1 Rhd8 25. Ke1 Rb2 0-1

[Event "17. Int. Boeblinger Open"]
[Site "Boeblingen"]
[Date "2000.12.27"]
[Round "3"]
[White "Ortmann, David"]
[Black "Erlbeck, Peter"]
[Result "1-0"]
[WhiteElo "2198"]
[BlackElo "2003"]
[PlyCount "65"]
[EventDate "2000.12.26"]

1. Nf3 f5 2. c4 Nf6 3. Nc3 g6 4. g3 Bg7 5. Bg2 d6 6. d4 O-O 7. O-O Qe8 8. d5 c6
9. Nd4 Bd7 10. Rb1 Na6 11. a3 Rc8 12. b3 Nc5 13. Bb2 a6 14. b4 Nce4 15. Nxe4
fxe4 16. Ne6 Bxe6 17. dxe6 Rd8 18. Qd4 d5 19. Qb6 Rb8 20. cxd5 Nxd5 21. Qc5
Bxb2 22. Rxb2 Qc8 23. Bxe4 Qxe6 24. Bf3 Qe5 25. Rd2 e6 26. Bg2 Rbc8 27. e4 b6
28. Qc4 Nf6 29. f4 Qc7 30. Qxe6+ Qf7 31. Qxf7+ Rxf7 32. e5 Ne8 33. Bh3 1-0

[Event "17. Int. Boeblinger Open"]
[Site "Boeblingen"]
[Date "2000.12.27"]
[Round "3"]
[White "Panic, Branko"]
[Black "Lindemann, Stefan"]
[Result "0-1"]
[WhiteElo "2010"]
[BlackElo "2348"]
[PlyCount "94"]
[EventDate "2000.12.26"]

1. d4 Nf6 2. c4 c5 3. d5 e6 4. Nc3 exd5 5. cxd5 d6 6. Nf3 g6 7. Bf4 a6 8. a4
Bg7 9. e4 Bg4 10. Be2 Bxf3 11. Bxf3 Qe7 12. O-O Nbd7 13. h3 O-O 14. Qc2 Rfe8
15. a5 c4 16. Ra4 b5 17. axb6 Nxb6 18. Ra5 Nfd7 19. Be3 Qd8 20. Rfa1 Qc8 21.
Na4 Nxa4 22. R5xa4 Qb7 23. Qxc4 Qxb2 24. R1a2 Qb1+ 25. Qf1 Reb8 26. Qxb1 Rxb1+
27. Kh2 Rb2 28. R2a3 Nc5 29. Ra5 Rab8 30. h4 R8b4 31. Bxc5 dxc5 32. Rxc5 Be5+
33. Kh3 Rxf2 34. Rd3 Rb6 35. Rd1 h5 36. Rc8+ Kg7 37. Rdc1 Rb3 38. Rh1 Re2 39.
Rc4 Ra2 40. Rcc1 a5 41. Rcd1 Kf8 42. d6 Ke8 43. d7+ Kd8 44. Rd5 f6 45. Rf1 a4
46. Ra5 Kxd7 47. Rd1+ Kc7 0-1

[Event "17. Int. Boeblinger Open"]
[Site "Boeblingen"]
[Date "2000.12.27"]
[Round "3"]
[White "Pelt, Alexander"]
[Black "Namyslo, Holger"]
[Result "1-0"]
[WhiteElo "2105"]
[BlackElo "2328"]
[PlyCount "101"]
[EventDate "2000.12.26"]

1. e4 e6 2. d4 d5 3. Nc3 Bb4 4. e5 c5 5. a3 Bxc3+ 6. bxc3 Ne7 7. Qg4 Qc7 8.
Qxg7 Rg8 9. Qxh7 cxd4 10. Ne2 dxc3 11. f4 b6 12. Qd3 Ba6 13. Qxc3 Qxc3+ 14.
Nxc3 Bxf1 15. Kxf1 Nf5 16. Rg1 Nd4 17. Ra2 Nbc6 18. Be3 Rc8 19. Kf2 Nf5 20. Ne2
Na5 21. g4 Nxe3 22. Kxe3 Rc4 23. h4 Ke7 24. h5 Re4+ 25. Kf2 Nc4 26. c3 Na5 27.
g5 Nc4 28. Rg3 Nxe5 29. fxe5 Rxe5 30. Ra1 Rgxg5 31. Rxg5 Rxg5 32. Rh1 Rg7 33.
h6 Rh7 34. Kg3 Kf6 35. Kg4 e5 36. Kh5 Kf5 37. Rg1 Kf6 38. Rg8 Ke6 39. Rg7 Rh8
40. h7 f5 41. Kg6 f4 42. Rg8 Rxh7 43. Kxh7 f3 44. Ng3 Kd6 45. Kg6 e4 46. Re8
Kc5 47. Nxe4+ dxe4 48. Rxe4 a5 49. Rf4 f2 50. Rxf2 Kc4 51. Rf6 1-0

[Event "17. Int. Boeblinger Open"]
[Site "Boeblingen"]
[Date "2000.12.27"]
[Round "3"]
[White "Prestel, Oliver"]
[Black "Faika, Michael"]
[Result "1-0"]
[WhiteElo "2195"]
[BlackElo "1994"]
[PlyCount "83"]
[EventDate "2000.12.26"]

1. d4 c5 2. Nf3 cxd4 3. Nxd4 e5 4. Nb5 d6 5. c4 a6 6. N5c3 Be6 7. b3 f5 8. g3
Nf6 9. Bg2 Nc6 10. O-O Be7 11. Nd5 O-O 12. Nbc3 Bxd5 13. Nxd5 Nxd5 14. Qxd5+
Kh8 15. Bb2 Qc7 16. Rfd1 Rad8 17. Rac1 Qb6 18. e3 Rf6 19. Qd2 Rg6 20. Qe2 Bf6
21. Ba3 Nb4 22. Qd2 a5 23. Bxb4 axb4 24. Qd5 Be7 25. Qxb7 Qxb7 26. Bxb7 Rb8 27.
Bc6 Rb6 28. Ba4 Rf6 29. Rd5 Rf8 30. Rcd1 e4 31. Ra5 g6 32. Ra7 Bf6 33. Rd5 Rfb8
34. Rd7 Rd8 35. Rf7 Bc3 36. c5 Ra6 37. c6 Kg8 38. Rb7 h5 39. c7 Rf8 40. Rb8 Ra8
41. Rxa8 Rxa8 42. Bd7 1-0

[Event "17. Int. Boeblinger Open"]
[Site "Boeblingen"]
[Date "2000.12.27"]
[Round "3"]
[White "Schaefer, Michael"]
[Black "Probst, Joachim"]
[Result "1-0"]
[WhiteElo "2221"]
[BlackElo "2003"]
[PlyCount "85"]
[EventDate "2000.12.26"]

1. d4 Nf6 2. c4 e6 3. Nc3 Bb4 4. g3 Ne4 5. Qc2 f5 6. Bg2 Nf6 7. Nf3 O-O 8. O-O
Bxc3 9. Qxc3 d6 10. b4 Nbd7 11. Bb2 Ne4 12. Qc2 Ndf6 13. Ne1 c6 14. Nd3 Ng5 15.
a4 Bd7 16. b5 Rc8 17. Qb3 Nfe4 18. Rfd1 Nf7 19. f3 Nf6 20. e4 fxe4 21. fxe4 Ng4
22. Bc1 Qc7 23. c5 d5 24. b6 axb6 25. cxb6 Qd8 26. Nc5 Nd6 27. e5 Nc4 28. Nxb7
Qxb6 29. Qxb6 Nxb6 30. Nc5 Rc7 31. Bf4 Ra8 32. Bh3 h5 33. a5 Nc4 34. a6 Bc8 35.
Ra2 Rca7 36. Rda1 Kf7 37. Bf1 Nge3 38. Be2 Kg6 39. h3 Rb8 40. Bd3+ Kf7 41. Kf2
Nf5 42. Bxf5 exf5 43. e6+ 1-0

[Event "17. Int. Boeblinger Open"]
[Site "Boeblingen"]
[Date "2000.12.27"]
[Round "3"]
[White "Schlecht, Daniel"]
[Black "Steinmueller, Alexander"]
[Result "1-0"]
[WhiteElo "2348"]
[BlackElo "2000"]
[PlyCount "89"]
[EventDate "2000.12.26"]

1. d4 d6 2. Nf3 Nf6 3. c4 g6 4. Nc3 Bg7 5. e4 O-O 6. Be2 e5 7. O-O Nc6 8. d5
Ne7 9. b4 a5 10. Ba3 axb4 11. Bxb4 Nd7 12. a4 Nc5 13. a5 f5 14. Bxc5 dxc5 15.
Nd2 Rf6 16. Nb3 Rfa6 17. Bf3 Kh8 18. Na4 Rxa5 19. Nxa5 Rxa5 20. Nc3 Rxa1 21.
Qxa1 Bd7 22. Rd1 Qb8 23. Qa3 b6 24. Ra1 Bf8 25. Qa8 Qc8 26. Ra7 Qxa8 27. Rxa8
Nc8 28. Bd1 Kg7 29. Ba4 Bxa4 30. Rxc8 Bb3 31. Rxc7+ Kf6 32. Rc6+ Kf7 33. Rxb6
Bxc4 34. Rb7+ Kf6 35. Rxh7 Bb3 36. Kf1 c4 37. Ke2 Bb4 38. Kd2 fxe4 39. Rb7 Bf8
40. Nxe4+ Kf5 41. f3 Bh6+ 42. Ke2 g5 43. Rb6 Bg7 44. Ng3+ Kf4 45. Nh5+ 1-0

[Event "17. Int. Boeblinger Open"]
[Site "Boeblingen"]
[Date "2000.12.27"]
[Round "3"]
[White "Schmidt-Schaeffer, Sebastian"]
[Black "Lowitz, Torsten"]
[Result "1-0"]
[WhiteElo "2314"]
[BlackElo "1720"]
[PlyCount "67"]
[EventDate "2000.12.26"]

1. e4 c5 2. Nf3 d6 3. d4 cxd4 4. Nxd4 Nf6 5. Nc3 a6 6. Bg5 e6 7. f4 Be7 8. Qf3
Qb6 9. O-O-O e5 10. Bxf6 Bxf6 11. Nd5 Qd8 12. Nf5 Bxf5 13. exf5 Nc6 14. g4 Nd4
15. Rxd4 exd4 16. g5 Bxg5 17. fxg5 Qxg5+ 18. Qf4 Qxf4+ 19. Nxf4 O-O 20. Bd3
Rfe8 21. Rg1 Kf8 22. Nh5 g6 23. Nf6 Re3 24. Nxh7+ Ke7 25. fxg6 fxg6 26. Rxg6
Rc8 27. Kd2 Rh8 28. Rg7+ Ke6 29. h4 Kd5 30. Rxb7 Rh3 31. b4 Rxh4 32. Kc1 Rh3
33. Kb2 Rc8 34. Bf5 1-0

[Event "17. Int. Boeblinger Open"]
[Site "Boeblingen"]
[Date "2000.12.27"]
[Round "3"]
[White "Schmied, Andreas"]
[Black "Jobava, Baadur"]
[Result "0-1"]
[WhiteElo "2155"]
[BlackElo "2503"]
[PlyCount "64"]
[EventDate "2000.12.26"]

1. d4 Nf6 2. c4 g6 3. Nc3 Bg7 4. e4 d6 5. Nf3 O-O 6. Be2 e5 7. O-O Nbd7 8. Be3
Ng4 9. Bg5 f6 10. Bc1 c6 11. h3 Nh6 12. d5 c5 13. Rb1 a5 14. a3 Nf7 15. b4 axb4
16. axb4 f5 17. Nd2 b6 18. exf5 gxf5 19. Nb5 Kh8 20. Bb2 cxb4 21. Ra1 Rxa1 22.
Bxa1 Nc5 23. Qb1 f4 24. Kh2 Rg8 25. Qxb4 e4 26. Qb1 Bxa1 27. Qxa1+ Ne5 28. Rg1
Qf6 29. Kh1 Qh6 30. Bf1 f3 31. Qd4 Rg7 32. Qe3 Qxe3 0-1

[Event "17. Int. Boeblinger Open"]
[Site "Boeblingen"]
[Date "2000.12.27"]
[Round "3"]
[White "Schmittdiel, Eckhard"]
[Black "Werner, Isabel"]
[Result "1/2-1/2"]
[WhiteElo "2498"]
[BlackElo "2259"]
[PlyCount "100"]
[EventDate "2000.12.26"]

1. e4 c6 2. d4 d5 3. Nc3 dxe4 4. Nxe4 Bf5 5. Ng3 Bg6 6. Nf3 Nd7 7. c3 Ngf6 8.
Bc4 e6 9. Qe2 Be7 10. O-O Nd5 11. Rd1 O-O 12. Bb3 b5 13. a4 a6 14. axb5 cxb5
15. Ne5 N7b6 16. Ne4 Qc7 17. Ng5 Bd6 18. f4 Rfe8 19. Ne4 Bf8 20. Nf2 Rec8 21.
g3 Nc4 22. h4 Nxe5 23. Bxd5 exd5 24. fxe5 Qc4 25. Qxc4 Rxc4 26. Bd2 a5 27. Re1
Ra6 28. g4 h6 29. Nd1 Rcc6 30. h5 Be4 31. Ne3 g6 32. Kh2 Be7 33. hxg6 fxg6 34.
Nf1 Kg7 35. Ng3 Bc2 36. Rac1 Bd3 37. Re3 Bc4 38. Rf3 Ra8 39. Rh1 Rf8 40. Kg2
Rh8 41. Nf1 Be2 42. Rg3 Bxf1+ 43. Kxf1 b4 44. Ke2 bxc3 45. Rxc3 Rxc3 46. Bxc3
Rb8 47. Kd3 a4 48. Ra1 Ra8 49. Rh1 a3 50. bxa3 Rxa3 1/2-1/2